| 000 | 00623nam a22001937a 4500 | ||
|---|---|---|---|
| 003 | OSt | ||
| 005 | 20140310183009.0 | ||
| 008 | 130211t xxu||||| |||| 00| 0 eng d | ||
| 020 | _a9719186151 | ||
| 050 |
_aLB 1027.4 _b.L45 2003 |
||
| 100 | _aLibunao, Esperanza P. | ||
| 245 |
_aCreative and innovative lesson presentations for effective teaching and learning / _cEsperanza P. Libunao, Carmelita L. Regaspi ; edited by Ernie T. Bhagwani. |
||
| 260 |
_aQuezon city : _bGreat Books Trading, _c2003. |
||
| 300 |
_a152 p. : _bill. ; _c23 cm. |
||
| 521 | _aEDU | ||
| 562 | _e1 | ||
| 942 |
_2lcc _cBK _kLOC |
||
| 999 |
_c18218 _d18218 |
||